Statistics for Countries That Do Not Contain A And I

Click here to take the quiz!

General Stats

  • This quiz has been taken 145 times
    (125 since last reset)
  • The average score is 7 of 15

Answer Stats

Answer% Correct
Egypt
71%
Peru
64%
Togo
64%
Greece
61%
Morocco
58%
Sweden
54%
Kosovo
52%
Yemen
52%
Turkey
48%
Cyprus
45%
Luxembourg
42%
Lesotho
40%
Comoros
36%
Seychelles
34%
Montenegro
29%

Score Distribution

Percentile by Number Answered

Percent of People with Each Score

Your Score History

You have not taken this quiz since the last reset